ბათუმის შოთა რუსთაველის სახელმწიფო უნივერსიტეტის ბიბლიოთეკა

Interactive Atlas of Human Anatomy / (ბიბ.ჩანაწერი № 53663)

000 -LEADER
fixed length control field 00853nam a2200265Ia 4500
001 - CONTROL NUMBER
control field 20710
003 - CONTROL NUMBER IDENTIFIER
control field GE_BSU
005 - DATE AND TIME OF LATEST TRANSACTION
control field 20210307215611.0
008 - FIXED-LENGTH DATA ELEMENTS--GENERAL INFORMATION
fixed length control field 181216s1998||||xx |||||||||||||| ||eng||
020 ## - INTERNATIONAL STANDARD BOOK NUMBER
International Standard Book Number 0914168835
040 ## - CATALOGING SOURCE
Transcribing agency GE_BSU
041 ## - LANGUAGE CODE
Language code of text/sound track or separate title eng
080 ## - UNIVERSAL DECIMAL CLASSIFICATION NUMBER
Universal Decimal Classification number 611(084.4) N-33
100 ## - MAIN ENTRY--PERSONAL NAME
Personal name Netter, M. D.
9 (RLIN) 10372
245 ## - TITLE STATEMENT
Title Interactive Atlas of Human Anatomy /
Statement of responsibility, etc. M. D. Netter, H. Frank.
264 ## - PRODUCTION, PUBLICATION, DISTRIBUTION, MANUFACTURE, AND COPYRIGHT NOTICE
Place of production, publication, distribution, manufacture USA :
Name of producer, publisher, distributor, manufacturer ICON Learing systens,
Date of production, publication, distribution, manufacture, or copyright notice 1998.
300 ## - PHYSICAL DESCRIPTION
Extent CD
653 ## - INDEX TERM--UNCONTROLLED
keyword Interactive Atlas of Human Anatomy
653 ## - INDEX TERM--UNCONTROLLED
keyword Интерактивный атлас анатомии человека
653 ## - INDEX TERM--UNCONTROLLED
keyword ადამიანის ანატომიის ინტერაქტიული ატლასი
653 ## - INDEX TERM--UNCONTROLLED
keyword მედიცინა
700 ## - ADDED ENTRY--PERSONAL NAME
Personal name Frank, H.
9 (RLIN) 8646
942 ## - ADDED ENTRY ELEMENTS (KOHA)
Koha item type კომპიუტერის ფაილები
Source of classification or shelving scheme
ეგზემპლარები
Withdrawn status Lost status Source of classification or shelving scheme Damaged status Not for loan Permanent Location Current Location Shelving location Date acquired Cost, normal purchase price Full call number Barcode Date last seen Copy number Price effective from Koha item type Public note
          ბათუმის შოთა რუსთაველის სახელმწიფო უნივერსიტეტის მთავარი ბიბლიოთეკა ბათუმის შოთა რუსთაველის სახელმწიფო უნივერსიტეტის მთავარი ბიბლიოთეკა წიგნსაცავი 2018-12-17 181.00 611(084.4) N-33 54019 2018-12-17 54019 2018-12-17 კომპიუტერის ფაილები cd
          ბათუმის შოთა რუსთაველის სახელმწიფო უნივერსიტეტის მთავარი ბიბლიოთეკა ბათუმის შოთა რუსთაველის სახელმწიფო უნივერსიტეტის მთავარი ბიბლიოთეკა წიგნსაცავი 2018-12-17 181.00 611(084.4) N-33 54020 2018-12-17 54020 2018-12-17 კომპიუტერის ფაილები cd